000 01221nam a22002777a 4500
005 20170124103058.0
010 _aA-730737
020 _c40.00
_a8172016735
035 _aA-730737
037 _bCen Lib/Ret
040 _aDPL
_bHN
082 _a
_bबसुरा
100 _aबसु, राजशेखर
_943761
245 _aपरशुराम की चुनी हुयी कहानियां /
_cराजशेखर बसु ; अनुवादक प्रबोधकुमार मजूमदार
246 _aPrshuram Ki chuni huyi kahaniyan /
_bBy Rajshekhar Bsu ; anuvadak Prabodhkumar Majoomdar
250 _a2nd ed
260 _a नयी दिल्ली
_bसाहित्य अकेडमी
_c1994
270 _b नयी दिल्ली
300 _a202p.
_c16से.मी. (सजिल्द)
650 _aसाहित्य--कहानियां
_91200
650 _aबांग्ला--कहानियां
_91200
650 _aLiterature--Stories
_9113376
650 _aBangla--stories
_964703
700 _aमजूमदार, प्रबोधकुमार
_942819
942 _2ddc
_cHN
_h
_mबसुरा
999 _c117614
_d117614